[Event "SVK-chT5 A22 2223"]
[Site "Slovakia"]
[Date "2023.03.04"]
[Round "8.1"]
[White "Prochazka, Viliam"]
[Black "Klimes, Milan"]
[Result "0-1"]
[WhiteElo "1442"]
[BlackElo "1815"]
[PlyCount "84"]
[EventDate "2022.10.15"]
[EventType "team-tourn"]
[EventRounds "9"]
[EventCountry "SVK"]
[SourceTitle "EXT 2024"]
[Source "ChessBase"]
[SourceDate "2023.10.10"]
[SourceVersion "1"]
[SourceVersionDate "2023.10.10"]
[SourceQuality "1"]
[WhiteTeam "Modranka Komplet Seniors"]
[BlackTeam "Pecenady"]
[WhiteTeamCountry "SVK"]
[BlackTeamCountry "SVK"]

1. d4 Nf6 2. c4 g6 3. Nf3 Bg7 4. Nc3 0-0 5. g3 d6 6. Bg2 c6 7. 0-0 Qc7 8. Bd2 Be6 9. b3 Qc8 10. Re1 Bh3 11. Bh1 h6 12. Qc2 Nbd7 13. e4 e5 14. d5 cxd5 15. cxd5 Ng4 16. Rac1 Qc5 17. Be3 Nxe3 18. Rxe3 Rac8 19. Qb1 h5 20. Ne2 Qa5 21. Rec3 Nf6 22. Rxc8 Rxc8 23. Rxc8+ Bxc8 24. Bg2 Bh6 25. Qc2 Bd7 26. Bf1 Bg4 27. Kg2 Qb4 28. Nc3 Qc5 29. Bd3 a6 30. h3 Bd7 31. Qb2 Qc8 32. Ng1 Nh7 33. Kh2 Ng5 34. h4 Nh7 35. Nf3 f5 36. Nd2 f4 37. Nc4 Qf8 38. Qa3 fxg3+ 39. Kxg3 Qf4+ 40. Kg2 Qg4+ 41. Kf1 Qh3+ 42. Ke2 Bg4+ 0-1

[Event "Piestany Augustus Cup"]
[Site "Piestany"]
[Date "2022.07.15"]
[Round "4"]
[White "Paracka, Patrik"]
[Black "Klimes, Milan"]
[Result "0-1"]
[WhiteElo "1306"]
[BlackElo "1824"]
[PlyCount "60"]
[EventDate "2022.07.15"]
[EventType "swiss (rapid)"]
[EventRounds "7"]
[EventCountry "SVK"]
[SourceTitle "CBM 209 Extra"]
[Source "ChessBase"]
[SourceDate "2022.09.30"]
[SourceVersion "1"]
[SourceVersionDate "2022.09.30"]
[SourceQuality "1"]

1. d4 Nf6 2. c4 g6 3. Nc3 Bg7 4. e4 d6 5. Nf3 0-0 6. Be2 Nc6 7. 0-0 e5 8. d5 Ne7 9. b4 b6 10. Ba3 a5 11. b5 Nh5 12. Nd2 Nf4 13. Rb1 f5 14. Qc2 Nxe2+ 15. Nxe2 f4 16. Qb3 g5 17. f3 Ng6 18. c5 bxc5 19. Nc4 g4 20. b6 Ba6 21. Nxa5 Bxe2 22. b7 Rb8 23. Nc6 Qh4 24. Rfe1 gxf3 25. Rxe2 fxe2 26. Qc3 f3 27. gxf3 Rxf3 28. Qxf3 e1Q+ 29. Rxe1 Qxe1+ 30. Kg2 Nf4+ 0-1

[Event "SVK-chT2A 1112"]
[Site "Slovakia"]
[Date "2011.11.06"]
[Round "4.8"]
[White "Jablonicky, Martin"]
[Black "Klimes, Milan"]
[Result "1-0"]
[WhiteElo "1757"]
[BlackElo "1893"]
[PlyCount "171"]
[EventDate "2011.10.08"]
[EventType "team-tourn"]
[EventRounds "11"]
[EventCountry "SVK"]
[SourceTitle "EXT 2013"]
[Source "ChessBase"]
[SourceDate "2012.11.22"]
[SourceVersion "1"]
[SourceVersionDate "2012.11.22"]
[SourceQuality "1"]
[WhiteTeam "Trnava Modranka"]
[BlackTeam "Bratislava Doprastav"]
[WhiteTeamCountry "SVK"]
[BlackTeamCountry "SVK"]

1. e4 c5 2. Nf3 d6 3. d4 cxd4 4. Nxd4 Nf6 5. Nc3 a6 6. Be3 e6 7. f3 Be7 8. Qd2 0-0 9. 0-0-0 Qc7 10. g4 Nc6 11. g5 Nd7 12. h4 Nde5 13. Qg2 b5 14. f4 Nc4 15. Bxc4 bxc4 16. h5 Nxd4 17. Rxd4 Bb7 18. g6 Bf6 19. gxh7+ Kxh7 20. Rd2 Rab8 21. Bd4 Bxd4 22. Rxd4 f5 23. Qg6+ Kg8 24. Qxe6+ Qf7 25. Qxf7+ Rxf7 26. Rxd6 fxe4 27. Rf1 Rf5 28. h6 gxh6 29. Rxh6 Kg7 30. Re6 Kf7 31. Rb6 Rf6 32. Rb4 a5 33. Rb5 e3 34. Re5 Re8 35. Rxe8 Kxe8 36. Re1 Re6 37. Nb5 Kd7 38. Nd4 Re4 39. Nf5 Rxf4 40. Nxe3 Ba6 41. Rd1+ Kc6 42. Rh1 Bb7 43. Rh5 Kb6 44. Nd5+ Bxd5 45. Rxd5 a4 46. Kd2 Rf3 47. Re5 Rh3 48. Re3 Rh4 49. Kc3 Kc6 50. Kb4 Kd5 51. Kxa4 Rh2 52. Rc3 Rh8 53. b3 Ra8+ 54. Kb4 Rb8+ 55. Ka3 cxb3 56. cxb3 Ra8+ 57. Kb2 Rh8 58. b4 Kd4 59. Kb3 Rh5 60. a4 Rh1 61. Rc2 Rb1+ 62. Rb2 Ra1 63. a5 Kd5 64. Ra2 Rh1 65. Ka4 Kc6 66. Rc2+ Kb7 67. Kb5 Rh5+ 68. Rc5 Rh6 69. Rc4 Rh5+ 70. Ka4 Rh1 71. b5 Ra1+ 72. Kb4 Rb1+ 73. Kc5 Rg1 74. Rc2 Rh1 75. a6+ Ka7 76. Rc3 Rg1 77. Kc6 Rg6+ 78. Kd5 Rg5+ 79. Kc4 Kb6 80. Kb4 Rg4+ 81. Rc4 Rg1 82. Rc6+ Ka7 83. Rc7+ Ka8 84. Ka5 Ra1+ 85. Kb6 Kb8 86. a7+ 1-0

[Event "SVK-chT2A 1112"]
[Site "Slovakia"]
[Date "2011.11.05"]
[Round "3.7"]
[White "Mihalik, Anton"]
[Black "Klimes, Milan"]
[Result "1-0"]
[WhiteElo "1965"]
[BlackElo "1893"]
[PlyCount "105"]
[EventDate "2011.10.08"]
[EventType "team-tourn"]
[EventRounds "11"]
[EventCountry "SVK"]
[SourceTitle "EXT 2013"]
[Source "ChessBase"]
[SourceDate "2012.11.22"]
[SourceVersion "1"]
[SourceVersionDate "2012.11.22"]
[SourceQuality "1"]
[WhiteTeam "Piestany Kupele"]
[BlackTeam "Bratislava Doprastav"]
[WhiteTeamCountry "SVK"]
[BlackTeamCountry "SVK"]

1. c4 Nf6 2. Nc3 g6 3. e4 d6 4. d4 Bg7 5. Be2 0-0 6. Nf3 c6 7. 0-0 Nbd7 8. h3 e5 9. Be3 Qe7 10. d5 c5 11. Qd2 Ne8 12. Nh2 f5 13. exf5 gxf5 14. Bh6 Ndf6 15. Kh1 Bxh6 16. Qxh6 Qg7 17. Qe3 Kh8 18. Rg1 f4 19. Qd3 Qg6 20. Qxg6 hxg6 21. Bd3 Bf5 22. Bxf5 gxf5 23. Nf3 Rg8 24. Nh4 Rg5 25. g3 fxg3 26. fxg3 Ng7 27. Raf1 Nfh5 28. Kh2 Kh7 29. Nf3 Rg6 30. h4 Rf8 31. Ng5+ Kg8 32. Nb5 f4 33. gxf4 Rxf4 34. Rxf4 Nxf4 35. Ne4 Rh6 36. Rg4 Kf8 37. Nbxd6 b6 38. Kg3 Ne2+ 39. Kf2 Nd4 40. Nc8 a6 41. d6 Ngf5 42. Nxb6 Nxd6 43. Nd7+ Ke8 44. Ndxc5 Nxc4 45. b3 Nd2 46. h5 Rh8 47. Rg6 Ke7 48. h6 a5 49. Rg7+ Kf8 50. Nd7+ Ke8 51. Nef6+ Kd8 52. h7 Rxh7 53. Rxh7 1-0

[Event "Brezova op"]
[Site "Brezova pod Bradlom"]
[Date "2009.08.23"]
[Round "2"]
[White "Spacek, Marcel"]
[Black "Klimes, Milan"]
[Result "1-0"]
[WhiteElo "1572"]
[BlackElo "1933"]
[PlyCount "115"]
[EventDate "2009.08.22"]
[EventType "swiss"]
[EventRounds "9"]
[EventCountry "SVK"]
[SourceTitle "CBM 132 Extra"]
[Source "ChessBase"]
[SourceDate "2009.11.03"]
[SourceVersion "1"]
[SourceVersionDate "2009.11.03"]
[SourceQuality "1"]

1. d4 Nf6 2. c4 g6 3. Nc3 Bg7 4. e4 d6 5. f3 0-0 6. Be3 c6 7. Qd2 e5 8. d5 cxd5 9. cxd5 a6 10. a4 b6 11. g4 Nbd7 12. Bd3 Nc5 13. Bc2 Bd7 14. h4 h5 15. Bg5 hxg4 16. h5 gxh5 17. Rxh5 gxf3 18. Qh2 Ng4 19. Qh4 f2+ 20. Kd2 f6 21. Bh6 Nxh6 22. Rxh6 f5 23. Qg3 f4 24. Qg2 Rf6 25. Rxf6 Qxf6 26. Qxf2 Kf7 27. b4 Nb7 28. Qxb6 Nd8 29. Bd1 Ke7 30. Be2 Bh6 31. Nf3 Nf7 32. Bxa6 Ng5 33. Be2 Rc8 34. a5 Rxc3 35. Kxc3 Nxe4+ 36. Kb3 Ng3 37. Re1 e4 38. Qd4 Qf8 39. Nd2 Bg7 40. Qc4 Qf6 41. Qc2 Qd4 42. Bc4 e3 43. Nf3 Qf6 44. a6 Bf5 45. Bd3 Bd7 46. b5 Qf8 47. b6 Qa8 48. b7 Qd8 49. Qc4 Nf5 50. Qb4 Qg8 51. b8Q Qxd5+ 52. Qc4 Qxf3 53. Qe4+ Be6+ 54. Ka4 Qf2 55. Qc7+ Kf6 56. Qd8+ Kf7 57. Bc4 Be5 58. Qxf5+ 1-0

[Event "IPCA Wch-B 8th"]
[Site "Wisla"]
[Date "2007.05.18"]
[Round "4"]
[White "Klimes, Milan"]
[Black "Krawczyk, Wieslaw"]
[Result "1/2-1/2"]
[WhiteElo "1990"]
[BlackElo "2116"]
[PlyCount "74"]
[EventDate "2007.05.15"]
[EventType "swiss"]
[EventRounds "9"]
[EventCountry "POL"]
[SourceTitle "EXT 2011"]
[Source "ChessBase"]
[SourceDate "2010.11.26"]
[SourceVersion "1"]
[SourceVersionDate "2010.11.26"]
[SourceQuality "1"]

1. c4 c6 2. Nc3 Nf6 3. e4 d5 4. cxd5 cxd5 5. exd5 Nxd5 6. Qa4+ Bd7 7. Bb5 Nb6 8. Bxd7+ Qxd7 9. Qxd7+ Kxd7 10. Nf3 f6 11. 0-0 Nc6 12. d4 Rd8 13. Be3 g5 14. h3 Kc8 15. Rac1 Kb8 16. Rfd1 Nc4 17. b3 Nxe3 18. fxe3 Bh6 19. Kf2 Rhf8 20. Rc2 f5 21. g4 fxg4 22. hxg4 e5 23. Kg2 exd4 24. exd4 Rf4 25. d5 Nb4 26. Re2 Rxg4+ 27. Kh3 Rf4 28. Kg3 Rdf8 29. Ne5 Kc8 30. Nb5 Bg7 31. d6 Bxe5 32. d7+ Kd8 33. Rxe5 Rf3+ 34. Kg4 Rf2 35. Nd4 h5+ 36. Kxg5 Rg8+ 37. Kh6 Nc6 1/2-1/2

[Event "SVK-ch Region"]
[Site "Slovakia"]
[Date "2006.07.06"]
[Round "8"]
[White "Klimes, Milan"]
[Black "Marvanyi, Milan"]
[Result "1-0"]
[WhiteElo "1860"]
[BlackElo "1833"]
[PlyCount "97"]
[EventDate "2006.06.04"]
[EventType "swiss"]
[EventRounds "9"]
[EventCountry "SVK"]
[SourceTitle "EXT 2007"]
[Source "ChessBase"]
[SourceDate "2006.11.23"]
[SourceVersion "1"]
[SourceVersionDate "2006.11.23"]
[SourceQuality "1"]

1. c4 e5 2. Nc3 Nf6 3. Nf3 Nc6 4. d4 exd4 5. Nxd4 Nxd4 6. Qxd4 Be7 7. g3 0-0 8. Bg2 c6 9. 0-0 Qb6 10. Qxb6 axb6 11. e4 d6 12. h3 Nd7 13. Be3 Ne5 14. b3 Bd8 15. Rfd1 Bc7 16. f4 Ng6 17. a4 f5 18. Kf2 fxe4 19. Bxe4 Bf5 20. Bxf5 Rxf5 21. Re1 Re8 22. Kg2 Rf7 23. Bf2 Rfe7 24. Rxe7 Rxe7 25. Rd1 Kf7 26. Kf3 h6 27. h4 h5 28. Ne4 Rd7 29. Ng5+ Ke7 30. Bd4 Kf8 31. Ne6+ Kg8 32. Nxc7 Rxc7 33. Bxb6 Rd7 34. Bc5 Ne7 35. Rxd6 Rxd6 36. Bxd6 Nf5 37. Bc5 Kf7 38. b4 g6 39. b5 cxb5 40. cxb5 Ng7 41. Bb6 Ke6 42. a5 Kd7 43. a6 bxa6 44. bxa6 Kc6 45. a7 Kb7 46. g4 Ne8 47. gxh5 gxh5 48. f5 Nf6 49. Bd4 1-0